Giáo dục đại học định hướng nghề nghiệp ở một số nước ASEAN và bài học tham khảo cho Việt Nam /

Đã lưu trong:
Sonraí Bibleagrafaíochta
Príomhúdar: Giao Thị Hoàng Yến.
Údair Eile: Giao Thị Khánh Ngọc.
Formáid: Bài viết
Teanga:Vietnamese
Ábhair:
Clibeanna: Cuir Clib Leis
Gan Chlibeanna, Bí ar an gcéad duine leis an taifead seo a chlibeáil!
Thư viện lưu trữ: Thư viện Trường Đại học Đà Lạt
LEADER 00946nam a2200289 4500
001 DLU180185678
005 ##20180618
040 # # |a DLU  |b vie 
041 # # |a vie 
044 # # |a vn 
100 # # |a Giao Thị Hoàng Yến. 
245 # # |a Giáo dục đại học định hướng nghề nghiệp ở một số nước ASEAN và bài học tham khảo cho Việt Nam /  |c Giao Thị Hoàng Yến, Giao Thị Khánh Ngọc. 
653 # # |a Định hướng nghề nghiệp 
653 # # |a ASEAN 
653 # # |a Giáo dục đại học 
653 # # |a Việt Nam  
700 # # |a Giao Thị Khánh Ngọc. 
773 # # |t Nghiên cứu Đông Nam Á  |g Số 3, 2017, tr. 39-48 
920 # # |a Phòng Tạp chí -- Trung tâm Thông tin - Thư viện Trường Đại học Đà Lạt 
994 # # |a DLU 
900 # # |a True 
911 # # |a Hoàng Thị Huyền 
925 # # |a G 
926 # # |a A 
927 # # |a BB 
980 # # |a Thư viện Trường Đại học Đà Lạt